Cognition and second language instruction / . (رقم التسجيلة. 29866)
[ عرض عادي ]
| 000 -الفاتح | |
|---|---|
| حقل البيانات ثابتة الطول | 00708nam a22002177a 4500 |
| 003 - محدد رقم الضبط | |
| رقم الضبط | OSt |
| 005 - وقت وتاريخ اخر تعامل مع التسجيلة | |
| رقم الضبط | 20150408114132.0 |
| 008 - عناصر البيانات ثابتة الطول - معلومات عامة | |
| حقل البيانات ثابتة الطول | 011227s2001 enka || 001 ||eng |
| 020 ## - الرقم الدولى المعيارى للكتب | |
| الرقم الدولى المعيارى للكتاب | 9780521003865 |
| 040 ## - مصدر الفهرسة | |
| وكالة الفهرسة الأصلية | Ma_ua |
| 082 ## - رقم تصنيف ديوى العشرى | |
| رقم الطبعة | 21 |
| رقم التصنيف | 401.9 |
| رقم المادة | CSC |
| 245 ## - بيان العنوان | |
| العنوان | Cognition and second language instruction / . |
| بيان المسئوليه,etc | edited by Peter Robinson |
| 260 ## - PUBLICATION, DISTRIBUTION, ETC. (IMPRINT) | |
| مكان الناشر او الموزع | Cambridge : |
| اسم الناشر او الموزع | Cambridge University Press, |
| تاريخ النشر أو التوزيع | 2001 |
| 300 ## - الوصف المادى | |
| التعداد | x, 453 p : |
| تفاصيل ماديه اخرى للوعاء | ill. ; |
| أبعاد الوعاء | 24 cm |
| 490 ## - بيان السلسلة | |
| عنوان السلسلة | The Cambridge applied linguistics series |
| 504 ## - تبصرة ببليوجرافية | |
| تبصرة ببليوجرافية,الخ | Includes bibliographical references and index. |
| 650 ## - المدخل الاضافى بالموضوع-مصطلح موضوعى | |
| مصطلح موضوعي أو اسم جغرافي كعنصر مدخل | Psycholinguistics. |
| 9 (RLIN) | 8211 |
| 650 ## - المدخل الاضافى بالموضوع-مصطلح موضوعى | |
| مصطلح موضوعي أو اسم جغرافي كعنصر مدخل | Second language acquisition |
| 700 ## - المدخل الاضافى - اسم شخصى | |
| الإسم الشخصى | Robinson, Peter, |
| التواريخ المصاحبة للاسم | 1956 |
| 9 (RLIN) | 35630 |
| 942 ## - | |
| -- | ddc |
| -- | BOOK |
| 999 ## - | |
| -- | 29866 |
| -- | 264366 |
| حالة الفقد | نموذج السعر الفعال | حالة تلف | ليس للاعارة | رقم الطلب | رقم النسخة | تاريخ الاكتساب | Serial Enumeration / chronology | الباركود | الفرع الرئيسي | Date last seen | نوع المادة فى نظام كوها | مصدر التصنيف او خطة الترفيف | Total Checkouts |
|---|---|---|---|---|---|---|---|---|---|---|---|---|---|
| 2013-04-25 | Not For Loan | 401.9 CSC | 1 | 2013-04-25 | CL | 00306137 | المكتبة المركزية بالمجمعة (CL) | 2013-04-25 | كتاب | Dewey Decimal Classification | |||
| 2013-04-25 | 401.9 CSC | 2 | 2013-04-25 | CL | 00306136 | المكتبة المركزية بالمجمعة (CL) | 2013-04-25 | كتاب | Dewey Decimal Classification |
